000
00323nam a2200145Ia 4500
008
180921t xxu||||| |||| 00| 0 eng d
041
_a
eng
080
_a
663.9
_b
245
_a
Collective agreement
300
_a
16p., 20 cm
650
_a
Tobacco
942
_c
BK
999
_c
19529
_d
19529
003
LK-CoDNM
040
_a
LK-CoDNM
_d
LK-CoDNM
_e
LK-CoDNM